000 00518nam a2200181Ia 4500
005 20250326130224.0
008 250326s9999 xx 000 0 und d
037 _aTextbook
040 _aFMSL
_beng
_cFMSL
041 _aeng
_2eng
084 _aX:9B L3
_qFMSL
100 _aMehan K K
245 0 _aSmall industry entrepreneures handbook
_cMehan K K
260 _aNew Delhi
_bNew Delhi, Productivity Services International
_c1973
300 _a327p
942 _cTB
_hX:9B L3
999 _c1281527
_d1281527